[Event "Online Olym Div2 E 2021"]
[Site "chess.com INT"]
[Date "2021.09.03"]
[Round "6.1"]
[Board "6"]
[White "Sanchez Tobar, Francisca Valenti"]
[Black "Hernandez Bermudez, Manuela"]
[Result "0-1"]
[WhiteTitle "WCM"]
[WhiteElo "1777"]
[BlackElo "1921"]
[WhiteTeam "Chile"]
[BlackTeam "Colombia"]
[WhiteFideId "3431304"]
[BlackFideId "4483103"]
[EventDate "2021.09.02"]
[EventType "team"]

1. e4 c5 2. Nc3 g6 3. g3 Bg7 4. Bg2 Nc6 5. d3 Nf6 6. Be3 d6 7. h3 O-O 8. Nge2
Rb8 9. O-O b5 10. Qd2 b4 11. Nd1 a5 12. f4 Qc7 13. g4 Ba6 14. f5 Nd7 15. Bh6 Nd4
16. Bxg7 Nxe2+ 17. Qxe2 Kxg7 18. Ne3 Bb7 19. g5 f6 20. h4 Ne5 21. Rf2 a4 22.
Raf1 b3 23. axb3 axb3 24. c3 Qd7 25. d4 cxd4 26. cxd4 Nc6 27. Qd3 Nb4 28. Qxb3
Ba6 29. Rd1 Nd3 30. Qc3 Nxf2 31. Kxf2 Qc8 32. Qd2 Qb7 33. Rb1 Qb4 34. Qd1 Bc4
35. h5 fxg5 36. hxg6 hxg6 37. Kg3 Bb3 38. Qf3 Qxd4 39. Ng4 gxf5 40. exf5 Qf4+
41. Qxf4 gxf4+ 42. Kxf4 Bc2 43. Re1 Rxf5+ 44. Kg3 Rb3+ 45. Kh4 e5 46. Re2 Bd1
47. Rd2 Bxg4 48. Kxg4 Rf4+ 49. Kh5 Rd4 50. Rf2 Rg3 51. Bf1 Rf4 52. Rg2 Rxg2 53.
Bxg2 Rf2 54. Bd5 Rxb2 55. Kg5 Rf2 56. Be4 Rf1 57. Bd5 Kf8 58. Kg4 Ke7 59. Kg3
Kf6 60. Kg2 Rf4 61. Kg3 Kg5 62. Kg2 e4 63. Kg1 e3 0-1

[Event "Online Olym Div2 E 2021"]
[Site "chess.com INT"]
[Date "2021.09.03"]
[Round "6.2"]
[Board "1"]
[White "Albornoz Cabrera, Carlos Daniel"]
[Black "Mieles Palau, Daniel"]
[Result "0-1"]
[WhiteTitle "GM"]
[BlackTitle "IM"]
[WhiteElo "2567"]
[BlackElo "2364"]
[WhiteTeam "Cuba"]
[BlackTeam "Ecuador"]
[WhiteFideId "3518736"]
[BlackFideId "3600467"]
[EventDate "2021.09.02"]
[EventType "team"]

1. e4 c5 2. Nf3 Nc6 3. d4 cxd4 4. Nxd4 Nf6 5. Nc3 e5 6. Ndb5 d6 7. Bg5 a6 8. Na3
b5 9. Bxf6 Qxf6 10. Nd5 Qd8 11. c4 b4 12. Nc2 a5 13. Be2 Be7 14. Qd3 O-O 15. O-O
Be6 16. Rfd1 Bxd5 17. exd5 Nb8 18. c5 Nd7 19. c6 Nc5 20. Qc4 f5 21. Rac1 Bg5 22.
Rb1 Qb6 23. Ne1 Ne4 24. Nd3 Nd2 25. Rxd2 Bxd2 26. Rd1 Bg5 27. Ne1 a4 28. Nd3 b3
29. a3 e4 30. Nb4 Bf6 31. Qc1 Bd4 32. Qf4 Bxb2 33. Qxd6 Bxa3 34. Qe6+ Kh8 35.
Na6 b2 36. Rb1 Bc5 37. Nxc5 Qxc5 0-1

[Event "Online Olym Div2 E 2021"]
[Site "chess.com INT"]
[Date "2021.09.03"]
[Round "6.2"]
[Board "2"]
[White "Noboa Silva, Kevin"]
[Black "Quesada Perez, Yasser"]
[Result "0-1"]
[WhiteTitle "FM"]
[BlackTitle "GM"]
[WhiteElo "2331"]
[BlackElo "2568"]
[WhiteTeam "Ecuador"]
[BlackTeam "Cuba"]
[WhiteFideId "3618471"]
[BlackFideId "3509362"]
[EventDate "2021.09.02"]
[EventType "team"]

1. d4 d5 2. c4 dxc4 3. Nf3 Nf6 4. e3 g6 5. Bxc4 Bg7 6. O-O O-O 7. h3 Ne8 8. e4
Nc6 9. e5 Na5 10. Be2 c5 11. dxc5 Nc7 12. Bf4 Nc6 13. Bg3 Ne6 14. Nc3 Nxc5 15.
Rc1 b6 16. a3 a5 17. Bc4 Bf5 18. Nd5 Bh6 19. Bf4 Bxf4 20. Nxf4 e6 21. Bb5 Na7
22. Be2 Nc6 23. Bb5 Na7 24. Be2 a4 25. Nd4 Be4 26. Bf3 Bxf3 27. Nxf3 Nc6 28. Rc2
Qc7 29. Qe2 Rfd8 30. Re1 Nd4 31. Nxd4 Rxd4 32. Qf3 Rad8 33. h4 Qb7 34. Qg3 Rd1
35. Rc1 Rxc1 36. Rxc1 Qe4 37. Nh3 Qf5 38. Qg5 Qxg5 39. Nxg5 Rd2 40. Rc4 Rxb2 41.
Rd4 h6 42. Nf3 Ra2 43. Rd6 Rxa3 44. Rxb6 Ra1+ 45. Kh2 a3 46. Nd4 Rd1 47. Rb8+
Kg7 48. Nc2 a2 49. Ra8 Rd2 50. Rxa2 Rxf2 51. Kg3 Nd3 52. h5 g5 53. Nb4 Rxa2 54.
Nxa2 Nxe5 55. Nc3 f5 56. Nb5 f4+ 57. Kh3 Kf6 58. Nd6 Nd3 59. Kg4 Ne5+ 60. Kh3
Ke7 61. Ne4 Nd7 62. g3 Nf6 63. Nf2 fxg3 64. Ng4 Nxg4 0-1

[Event "Online Olym Div2 E 2021"]
[Site "chess.com INT"]
[Date "2021.09.03"]
[Round "6.2"]
[Board "4"]
[White "Heredia Serrano, Carla"]
[Black "Forgas Moreno, Yaniela"]
[Result "0-1"]
[WhiteTitle "WGM"]
[BlackTitle "WIM"]
[WhiteElo "2107"]
[BlackElo "2310"]
[WhiteTeam "Ecuador"]
[BlackTeam "Cuba"]
[WhiteFideId "3603687"]
[BlackFideId "3508072"]
[EventDate "2021.09.02"]
[EventType "team"]

1. e4 c5 2. Nf3 d6 3. Bb5+ Nd7 4. O-O a6 5. Bxd7+ Bxd7 6. Re1 Nf6 7. c3 Bc6 8.
d4 e6 9. d5 Bd7 10. dxe6 Bxe6 11. Ng5 Be7 12. Nd2 O-O 13. Nxe6 fxe6 14. Nf3 d5
15. Ng5 Qd7 16. c4 h6 17. Nf3 d4 18. Qd3 Qe8 19. e5 Nd7 20. Qe4 Rb8 21. Qg4 Rf5
22. Bxh6 Qf7 23. Bd2 Rf8 24. a4 Nxe5 25. Nxe5 Rxe5 26. f4 Rf5 27. Re4 e5 28.
Rae1 Bd6 29. h3 exf4 30. Re6 f3 31. gxf3 Rxf3 32. Rxd6 Rf1+ 33. Kh2 Rf2+ 34. Kh1
Rxd2 35. Rg1 Qf3+ 36. Qxf3 Rxf3 37. Rd8+ Kh7 38. Rg2 Rxh3+ 39. Kg1 Rxg2+ 40.
Kxg2 Rb3 41. Rd5 b6 42. a5 Rxb2+ 43. Kf3 bxa5 44. Rxc5 a4 45. Ra5 Rb4 46. c5 Rc4
47. Ke4 a3 48. Rxa6 Rxc5 49. Kxd4 Rf5 50. Rxa3 Kh6 51. Ke4 Rf6 52. Rh3+ Kg6 53.
Rg3+ Kf7 54. Ke5 g6 55. Rg5 Rf1 56. Rg2 Rf5+ 57. Ke4 Kf6 58. Ra2 Rf1 59. Ke3 Kf5
60. Ke2 Rf4 61. Ra6 g5 62. Ra8 Kg4 63. Rg8 Kh4 64. Rh8+ Kg3 65. Ke3 g4 66. Rg8
Rf7 67. Ke2 Kh3 68. Rg7 Rxg7 0-1

[Event "Online Olym Div2 E 2021"]
[Site "chess.com INT"]
[Date "2021.09.03"]
[Round "6.2"]
[Board "6"]
[White "Miranda Vargas, Analia Karen"]
[Black "Hernandez Gil, Ineymig"]
[Result "1-0"]
[BlackTitle "WFM"]
[WhiteElo "1587"]
[BlackElo "2348"]
[WhiteTeam "Ecuador"]
[BlackTeam "Cuba"]
[WhiteFideId "3632393"]
[BlackFideId "3526216"]
[EventDate "2021.09.02"]
[EventType "team"]

1. e4 c5 2. Nf3 Nc6 3. Bb5 d6 4. O-O Bd7 5. d4 cxd4 6. Nxd4 Nf6 7. Nc3 g6 8. h3
Bg7 9. Be3 O-O 10. a4 a6 11. Be2 Rc8 12. Qd2 Ne5 13. a5 Nc4 14. Bxc4 Rxc4 15.
Qd3 Qc8 16. f3 Be6 17. Na4 Nd7 18. Nxe6 fxe6 19. c3 Rc6 20. Rfd1 Ne5 21. Qe2 Nc4
22. Nb6 Nxb6 23. Bxb6 Be5 24. Be3 Qe8 25. Qf2 Qf7 26. Qh4 Bf6 27. Qg3 Be5 28.
Qh4 Rcc8 29. Bg5 Rc7 30. Bh6 Bg7 31. Be3 Bf6 32. Qf2 Be5 33. Qd2 Bf4 34. Bxf4
Qxf4 35. Qxf4 Rxf4 36. Rd4 e5 37. Rb4 Rf8 38. Rd1 Kf7 39. Kf2 Ke6 40. Ke3 Rfc8
41. Rd5 h5 42. f4 exf4+ 43. Kxf4 Rf8+ 44. Kg5 Rf6 45. Rb6 Kf7 46. g4 hxg4 47.
hxg4 Rf2 48. e5 dxe5 49. Rxe5 Rg2 50. Rb4 Kg7 51. Rbe4 Kf7 52. Rf4+ Kg7 53. b4
Rc2 54. Re6 R2xc3 55. Rxg6+ Kh7 56. Rf7+ Kh8 57. Rf8+ Kh7 58. Rf2 Rh3 59. Rf7+
Kh8 60. Rfg7 Rc8 61. Rxe7 Rd8 62. Rh6+ Rxh6 63. Kxh6 Rb8 64. g5 b6 65. axb6 Kg8
66. b7 Kf8 67. Rc7 1-0

[Event "Online Olym Div2 E 2021"]
[Site "chess.com INT"]
[Date "2021.09.03"]
[Round "6.3"]
[Board "1"]
[White "Benitez Galeano, Alejandro"]
[Black "Juarez Flores, Carlos A."]
[Result "0-1"]
[WhiteTitle "FM"]
[BlackTitle "IM"]
[WhiteElo "2201"]
[BlackElo "2374"]
[WhiteTeam "Paraguay"]
[BlackTeam "Guatemala"]
[WhiteFideId "3703568"]
[BlackFideId "7300018"]
[EventDate "2021.09.02"]
[EventType "team"]

1. Nf3 b5 2. Na3 b4 3. Nc4 d5 4. Ne3 c5 5. a3 bxa3 6. bxa3 Nc6 7. g3 Nf6 8. Bg2
g6 9. c4 Bg7 10. Bb2 d4 11. Nxd4 cxd4 12. Bxc6+ Bd7 13. Bxa8 Qxa8 14. Nd5 Nxd5
15. cxd5 Qxd5 16. f3 O-O 17. O-O h5 18. e4 Qb5 19. Rb1 Qd3 20. Bc1 Qxb1 0-1

[Event "Online Olym Div2 E 2021"]
[Site "chess.com INT"]
[Date "2021.09.03"]
[Round "6.3"]
[Board "2"]
[White "Giron, David"]
[Black "Heinechen, Juan"]
[Result "1-0"]
[WhiteElo "2126"]
[BlackElo "2146"]
[WhiteTeam "Guatemala"]
[BlackTeam "Paraguay"]
[WhiteFideId "7300697"]
[BlackFideId "3701018"]
[EventDate "2021.09.02"]
[EventType "team"]

1. e4 c5 2. Nf3 Nc6 3. d4 cxd4 4. Nxd4 g6 5. c4 Nf6 6. Nc3 d6 7. Be2 Bg7 8. Be3
O-O 9. O-O Bd7 10. h3 Nxd4 11. Bxd4 Bc6 12. Qd3 Nd7 13. Bxg7 Kxg7 14. Qd4+ Kg8
15. f4 Qb6 16. Qxb6 Nxb6 17. Nd5 Bxd5 18. exd5 Rfc8 19. b3 a5 20. Bd3 Nd7 21.
Rfe1 Nc5 22. Bc2 Rc7 23. Kf2 a4 24. Ke3 Na6 25. Kd4 Nb4 26. Be4 f5 27. Bd3 Kf7
28. g4 fxg4 29. hxg4 a3 30. Re2 Rf8 31. Rf2 Kg7 32. Rh1 Rc5 33. g5 b5 34. Rfh2
Rh8 35. Bb1 bxc4 36. bxc4 Na6 37. Rh6 Nc7 38. Bxg6 Na6 39. Rxh7+ Rxh7 40. Bxh7
Nb4 41. Bb1 Na6 42. Rh7+ Kf8 43. Bf5 Rc7 44. Be6 Nb4 45. Rf7+ Ke8 46. Rg7 Nc2+
47. Kc3 1-0

[Event "Online Olym Div2 E 2021"]
[Site "chess.com INT"]
[Date "2021.09.03"]
[Round "6.3"]
[Board "3"]
[White "Perez Rodriguez, Jennifer"]
[Black "Mencos, Claudia"]
[Result "1-0"]
[WhiteTitle "WIM"]
[BlackTitle "WIM"]
[WhiteElo "2251"]
[BlackElo "1977"]
[WhiteTeam "Paraguay"]
[BlackTeam "Guatemala"]
[WhiteFideId "3507831"]
[BlackFideId "7300573"]
[EventDate "2021.09.02"]
[EventType "team"]

1. e4 c5 2. c3 Nf6 3. e5 Nd5 4. d4 e6 5. Nf3 Nc6 6. Bd3 d6 7. a3 Be7 8. O-O Nb6
9. dxc5 dxc5 10. Qe2 Qc7 11. Bf4 Bd7 12. Nbd2 a6 13. Rad1 Nd5 14. Bg3 b5 15. c4
bxc4 16. Bxc4 Nb6 17. Bxa6 Rxa6 18. Qxa6 O-O 19. Qe2 Na5 20. Bh4 Bxh4 21. Nxh4
Nd5 22. f4 Qb6 23. Ne4 Bb5 24. Qf2 Bxf1 25. Rxf1 c4 26. Qxb6 Nxb6 27. Nf3 Nd5
28. g3 Rb8 29. Rf2 Kf8 30. Rc2 Ne3 31. Rd2 Nd5 32. Nd4 h6 33. Ne2 Nb3 34. Rc2
Na5 35. N2c3 Rb3 36. Rd2 Nxc3 37. Nxc3 Rb5 38. Nxb5 1-0

[Event "Online Olym Div2 E 2021"]
[Site "chess.com INT"]
[Date "2021.09.03"]
[Round "6.3"]
[Board "4"]
[White "Mazariegos, Silvia Carolina"]
[Black "Vargas, Gabriela"]
[Result "0-1"]
[WhiteTitle "WIM"]
[BlackTitle "WIM"]
[WhiteElo "1933"]
[BlackElo "2152"]
[WhiteTeam "Guatemala"]
[BlackTeam "Paraguay"]
[WhiteFideId "7300115"]
[BlackFideId "3700860"]
[EventDate "2021.09.02"]
[EventType "team"]

1. f4 d5 2. Nf3 Nf6 3. e3 c5 4. d3 Nc6 5. Nc3 Bf5 6. g3 e6 7. Bg2 Be7 8. O-O O-O
9. a3 h6 10. h3 Qc7 11. Ne2 Rfd8 12. c3 c4 13. d4 Ne4 14. Ne5 f6 15. Nxc6 Qxc6
16. g4 Bh7 17. Qe1 b5 18. h4 a5 19. Bxe4 Bxe4 20. Ng3 Bd3 21. Rf2 b4 22. a4 bxc3
23. bxc3 Rab8 24. f5 Rb3 25. Rfa2 Rdb8 26. Kh2 Bd6 27. Kh3 Bxg3 28. Qxg3 exf5
29. gxf5 Bxf5+ 30. Kh2 Be4 31. Ba3 Rb1 32. Bb4 Rb7 33. Rxb1 Bxb1 34. Rb2 Be4 35.
Ba3 Rxb2+ 36. Bxb2 Qxa4 37. Qb8+ Kh7 38. Qg3 Qc2+ 39. Kh3 Bf5+ 0-1

[Event "Online Olym Div2 E 2021"]
[Site "chess.com INT"]
[Date "2021.09.03"]
[Round "6.3"]
[Board "5"]
[White "Melian, Juan Sebastian"]
[Black "Molina Hun, Hieysson"]
[Result "1-0"]
[WhiteTitle "CM"]
[WhiteElo "1978"]
[BlackElo "1506"]
[WhiteTeam "Paraguay"]
[BlackTeam "Guatemala"]
[WhiteFideId "3706575"]
[BlackFideId "7303009"]
[EventDate "2021.09.02"]
[EventType "team"]

1. d4 d5 2. Nf3 Nf6 3. c3 e6 4. Bg5 Bd6 5. e3 Nbd7 6. Bd3 c6 7. Nbd2 Qc7 8. Qe2
O-O 9. e4 e5 10. dxe5 Bxe5 11. Nxe5 Qxe5 12. f4 Qc7 13. e5 Re8 14. O-O-O Ne4 15.
Nxe4 dxe4 16. Qxe4 g6 17. h4 Nc5 18. Qf3 Nxd3+ 19. Rxd3 Bf5 20. Rd4 h5 21. Rhd1
Qa5 22. a3 c5 23. Rd6 Qa4 24. R1d2 Qb3 25. Rf6 Bg4 26. Qe4 Kg7 27. Rd7 Rf8 28.
Qxg6+ Kh8 29. Qh6+ Kg8 30. Rg6+ fxg6 31. Qg7# 1-0

[Event "Online Olym Div2 E 2021"]
[Site "chess.com INT"]
[Date "2021.09.03"]
[Round "6.3"]
[Board "6"]
[White "Santiago Sontay, Jenny Fernanda"]
[Black "Oviedo Acosta, Paula"]
[Result "1/2-1/2"]
[WhiteElo "1708"]
[BlackElo "1637"]
[WhiteTeam "Guatemala"]
[BlackTeam "Paraguay"]
[WhiteFideId "7303084"]
[BlackFideId "3704394"]
[EventDate "2021.09.02"]
[EventType "team"]

1. e4 c5 2. Nf3 e6 3. d4 cxd4 4. Nxd4 a6 5. Nc3 b5 6. Be2 Qc7 7. Be3 Bb7 8. Bf3
d6 9. O-O Nd7 10. a3 Ngf6 11. Nb3 Be7 12. Qd3 O-O 13. Rad1 Rac8 14. Bf4 Ne5 15.
Bxe5 dxe5 16. Qe3 Bc6 17. Be2 Ba8 18. Ra1 Bd8 19. Rfd1 Qb7 20. Nc5 Qc6 21. Nd3
Bb6 22. Qg3 Nxe4 23. Nxe4 Qxe4 24. Bf3 Qg6 25. Bxa8 Rxa8 26. Qxg6 hxg6 27. Nxe5
Rfd8 28. c3 Rac8 29. Kf1 g5 30. h3 f6 31. Nf3 Kf7 32. Ke2 Ke7 33. Rac1 Ba7 34.
Nh2 Rc5 35. Rxd8 Kxd8 36. Rd1+ Ke7 37. Nf1 Re5+ 38. Ne3 f5 39. Kf3 g6 40. g3 Rc5
41. Rd2 Rc8 42. Nc2 Rh8 43. Kg2 a5 44. Ne3 Rb8 45. Nc2 Rc8 46. Kf3 Rc4 47. Kg2
f4 48. Kf3 fxg3 49. fxg3 Bb6 50. Kg2 Re4 51. Kf3 Re5 52. Nd4 Rd5 53. Nb3 Rf5+
54. Kg2 Kf6 55. Nd4 Rd5 56. Nf3 Rxd2+ 57. Nxd2 Be3 58. Nb3 a4 59. Nd4 Bc1 60.
Nxb5 Bxb2 61. Kf3 Ke5 62. c4 Bd4 63. g4 Bb2 64. Ke3 Bc1+ 65. Kf3 Bd2 66. Nc7 Ba5
67. Nb5 Bd2 68. Ke2 Bc1 69. Kf3 Bb2 70. Ke3 Bc1+ 71. Kf3 1/2-1/2

[Event "Online Olym Div2 E 2021"]
[Site "chess.com INT"]
[Date "2021.09.03"]
[Round "6.4"]
[Board "1"]
[White "Valdes Romero, Leonardo"]
[Black "Christie, Joshua"]
[Result "0-1"]
[WhiteTitle "IM"]
[BlackTitle "FM"]
[WhiteElo "2402"]
[BlackElo "2206"]
[WhiteTeam "Costa Rica"]
[BlackTeam "Jamaica"]
[WhiteFideId "6500331"]
[BlackFideId "7402074"]
[EventDate "2021.09.02"]
[EventType "team"]

1. Nf3 Nf6 2. c4 g6 3. g3 Bg7 4. Bg2 O-O 5. O-O c5 6. Nc3 Nc6 7. d4 cxd4 8. Nxd4
d6 9. Nc2 Be6 10. b3 Qd7 11. Bb2 Bh3 12. Rb1 Rfd8 13. Ne3 Bxg2 14. Kxg2 e6 15.
Na4 d5 16. Bxf6 Bxf6 17. cxd5 exd5 18. Nc5 Qe7 19. Nd3 d4 20. Ng4 Bg7 21. h4
Qe4+ 22. f3 Qe7 23. Rc1 Rd6 24. Rc2 Re8 25. Ngf2 Re6 26. Nf4 Rd6 27. N4d3 Qd8
28. b4 Ne7 29. Nf4 Nf5 30. Qb1 Ne3+ 31. Kg1 Bh6 32. N2d3 Nxc2 33. Qxc2 Qc8 34.
Qa4 a6 35. Kf2 Rc6 36. Re1 Qf5 37. g4 Qd7 38. g5 Bf8 39. a3 Bd6 40. Qb3 Rd8 41.
Kg2 Bxf4 42. Nxf4 Qf5 43. Nd3 Re6 44. Nf2 Rde8 45. Qd1 Qb5 46. Kf1 Qe5 47. Kg2
Qb5 48. Kf1 Qe5 49. Kg2 h5 50. Ne4 Qf4 51. Qxd4 Rxe4 52. fxe4 Qg4+ 53. Kf1 Rxe4
54. Qd8+ Kh7 55. e3 Qf3+ 0-1

[Event "Online Olym Div2 E 2021"]
[Site "chess.com INT"]
[Date "2021.09.03"]
[Round "6.4"]
[Board "2"]
[White "Lorne, Ras Malaku"]
[Black "Minero Pineda, Sergio"]
[Result "0-1"]
[WhiteTitle "FM"]
[BlackTitle "IM"]
[WhiteElo "2117"]
[BlackElo "2361"]
[WhiteTeam "Jamaica"]
[BlackTeam "Costa Rica"]
[WhiteFideId "7400330"]
[BlackFideId "6500374"]
[EventDate "2021.09.02"]
[EventType "team"]

1. d4 Nf6 2. Bg5 e6 3. e3 Be7 4. Bd3 O-O 5. Nf3 c5 6. c3 b6 7. Nbd2 Bb7 8. O-O
d6 9. Qe2 h6 10. Bh4 Nh5 11. Bxe7 Qxe7 12. Rad1 Nc6 13. Ba6 Rfd8 14. Rfe1 cxd4
15. exd4 Nf4 16. Qf1 Bxa6 17. Qxa6 d5 18. Ne5 Nxe5 19. Rxe5 Ng6 20. Re3 Rab8 21.
a4 Qb7 22. Qe2 b5 23. axb5 Qxb5 24. Qxb5 Rxb5 25. b4 a5 26. bxa5 Rxa5 27. g3 Rb8
28. Nf3 Ne7 29. Ne5 Ra2 30. Nd3 Nf5 31. Ree1 Nd6 32. Ra1 Rxa1 33. Rxa1 Rb3 34.
Ne5 Rxc3 35. Ra7 Nf5 36. Nxf7 Nxd4 37. Nd8 Rc8 38. Nf7 Nc6 39. Rd7 Rf8 40. Nd6
Rd8 41. Rxd8+ Nxd8 42. f4 Kf8 43. Kf2 Ke7 44. Nb5 Nf7 45. Ke3 Nd6 46. Nc3 Nf5+
47. Kd3 g5 48. Ne2 gxf4 49. Nxf4 Kd6 50. g4 Ne7 51. h4 e5 52. Ng2 e4+ 53. Ke3
Ke5 54. Ne1 d4+ 55. Kf2 Kf4 56. g5 hxg5 57. Ng2+ Kg4 58. hxg5 Kxg5 59. Ke2 Nd5
60. Kd2 Kg4 61. Ne1 Ne3 62. Ke2 Kg3 63. Kd2 Kf2 64. Nd3+ exd3 65. Kxd3 Nf5 66.
Kd2 0-1

[Event "Online Olym Div2 E 2021"]
[Site "chess.com INT"]
[Date "2021.09.03"]
[Round "6.4"]
[Board "3"]
[White "Rodriguez Arrieta, Maria Elena"]
[Black "Miller, Rachel"]
[Result "1-0"]
[WhiteTitle "WIM"]
[BlackTitle "CM"]
[WhiteElo "1905"]
[BlackElo "2004"]
[WhiteTeam "Costa Rica"]
[BlackTeam "Jamaica"]
[WhiteFideId "6502911"]
[BlackFideId "7401302"]
[EventDate "2021.09.02"]
[EventType "team"]

1. e4 e5 2. Nf3 Nc6 3. Bb5 a6 4. Ba4 d6 5. c3 Bd7 6. O-O g6 7. d4 Bg7 8. h3 Nf6
9. Re1 exd4 10. cxd4 O-O 11. Nc3 b5 12. Bc2 Nb4 13. Bb1 c5 14. d5 a5 15. Bf4 Qb6
16. Qd2 Rfe8 17. Bh6 Bh8 18. Ng5 c4 19. a3 Na6 20. Bc2 Nc5 21. Qf4 Re7 22. Nf3
Ree8 23. Bg5 Nh5 24. Qd2 b4 25. axb4 axb4 26. Rxa8 Rxa8 27. Nd1 Na4 28. e5 dxe5
29. Nxe5 Bb5 30. d6 Bxe5 31. Rxe5 b3 32. Bb1 Qc6 33. Be4 Qc8 34. Bxa8 Qxa8 35.
Re7 Nc5 36. d7 Nxd7 37. Rxd7 Bxd7 38. Qxd7 Qa1 39. Bh6 Qa8 40. Kh2 Qb8+ 41. g3
Nf6 42. Qd4 Ne8 43. Ne3 f5 44. Qxc4+ Kh8 45. Qc5 Qe5 46. Qf8# 1-0

[Event "Online Olym Div2 E 2021"]
[Site "chess.com INT"]
[Date "2021.09.03"]
[Round "6.4"]
[Board "4"]
[White "Clarke, Adani"]
[Black "Gamboa Alvarado, Olga Leticia"]
[Result "0-1"]
[WhiteTitle "WCM"]
[BlackTitle "WFM"]
[WhiteElo "1811"]
[BlackElo "1865"]
[WhiteTeam "Jamaica"]
[BlackTeam "Costa Rica"]
[WhiteFideId "7402082"]
[BlackFideId "6502270"]
[EventDate "2021.09.02"]
[EventType "team"]

1. d4 Nf6 2. c4 e6 3. Nc3 Bb4 4. f3 d5 5. a3 Bxc3+ 6. bxc3 O-O 7. cxd5 exd5 8.
Bg5 Re8 9. Qc2 h6 10. Bh4 Qe7 11. Bxf6 Qxf6 12. Qd2 Nc6 13. e3 Na5 14. Rb1 Qe7
15. Rb5 Qxa3 16. Rxd5 Nb3 17. Qd3 Nc1 18. Qd2 Qa1 19. Kf2 Nb3 20. Qc2 Na5 21.
Rb5 c6 22. Rb1 Qa3 23. Bd3 Qe7 24. e4 Be6 25. Ne2 b6 26. Rhe1 Nb7 27. Kg1 Nd6
28. Nf4 Bc4 29. Qa4 Bb5 30. Qb4 Bxd3 31. Nxd3 Reb8 32. Ne5 Qc7 33. Qa4 Rc8 34.
Qa2 b5 35. c4 a5 36. Rec1 b4 37. c5 Nb5 38. Qb3 Nxd4 39. Qd3 Qxe5 40. f4 Qf6 41.
e5 Qxf4 42. Rf1 Qxe5 43. Rbe1 Qxc5 44. Kh1 Ne6 45. Qd7 Rc7 46. Qd3 Qd5 47. Qb1
c5 48. Rd1 Qc6 49. h3 c4 50. Qf5 c3 51. Rc1 b3 52. Rf3 Rac8 53. Qxa5 b2 54.
Rcxc3 b1=Q+ 55. Kh2 Qxc3 56. Rxc3 Rxc3 0-1

[Event "Online Olym Div2 E 2021"]
[Site "chess.com INT"]
[Date "2021.09.03"]
[Round "6.4"]
[Board "5"]
[White "Ramirez Madrid, Gerardo Alfonso"]
[Black "Glaves, Raheem"]
[Result "1/2-1/2"]
[WhiteTitle "FM"]
[BlackTitle "FM"]
[WhiteElo "2029"]
[BlackElo "2139"]
[WhiteTeam "Costa Rica"]
[BlackTeam "Jamaica"]
[WhiteFideId "6505945"]
[BlackFideId "7402724"]
[EventDate "2021.09.02"]
[EventType "team"]

1. Nf3 Nf6 2. c4 e6 3. g3 d5 4. Bg2 Nbd7 5. b3 a5 6. a3 Be7 7. O-O O-O 8. Bb2
Nc5 9. d3 c6 10. Nbd2 b5 11. Ne5 Bb7 12. cxb5 cxb5 13. Rc1 Rc8 14. Rc2 Ncd7 15.
Ndf3 Bd6 16. Qc1 Rxc2 17. Qxc2 Nxe5 18. Nxe5 Qe7 19. Nc6 Qc7 20. Rc1 Rc8 21. Nd4
Qxc2 22. Rxc2 Rxc2 23. Nxc2 e5 24. h3 Bc8 25. Bc3 Bc7 26. d4 e4 27. e3 Bd7 28.
Kh2 h5 29. Be1 Kh7 30. Kg1 g5 31. Bd2 Ne8 32. Ne1 Kg6 33. f4 exf3 34. Nxf3 Bxg3
35. Bxa5 f6 36. Ne1 Be6 37. Nd3 Nd6 38. Bc7 Ne4 39. Bxg3 Nxg3 40. Nc5 Bf7 41.
Kf2 Nf5 42. a4 bxa4 43. bxa4 Nd6 44. a5 Nb5 45. a6 Na7 46. Nd7 Be8 47. Nb6 Bb5
48. Bf1 Bc6 49. Bg2 Bb5 50. Bxd5 Bxa6 51. Nd7 Nb5 52. Nc5 Bc8 53. Bg2 Nd6 54. e4
h4 55. Ke3 g4 56. hxg4 Bxg4 57. e5 fxe5 58. dxe5 Nc4+ 59. Kf4 Nxe5 60. Kxe5 Bc8 1/2-1/2

[Event "Online Olym Div2 E 2021"]
[Site "chess.com INT"]
[Date "2021.09.03"]
[Round "6.4"]
[Board "6"]
[White "Brown, Raehanna"]
[Black "Diaz Charpentier, Kristel Meliss"]
[Result "1-0"]
[WhiteTitle "WCM"]
[WhiteElo "1594"]
[BlackElo "1898"]
[WhiteTeam "Jamaica"]
[BlackTeam "Costa Rica"]
[WhiteFideId "7402740"]
[BlackFideId "6511708"]
[EventDate "2021.09.02"]
[EventType "team"]

1. c4 e6 2. Nc3 d5 3. cxd5 exd5 4. d4 Nf6 5. Bg5 c6 6. e3 Be7 7. Bd3 O-O 8. Qc2
h6 9. Bh4 a5 10. Nge2 Re8 11. O-O Ne4 12. Bxe7 Qxe7 13. a3 Bf5 14. h3 Nd7 15.
Rab1 Qg5 16. Nf4 Ndf6 17. Na4 Nh5 18. Nxh5 Qxh5 19. Nc5 Qg6 20. Kh2 b6 21. Bxe4
dxe4 22. Nb3 Rac8 23. Nc1 c5 24. dxc5 Rxc5 25. Qd2 a4 26. Ne2 Rec8 27. Rbc1 Be6
28. Rxc5 bxc5 29. Nf4 Qf6 30. Rc1 Qe5 31. Qc3 Qd6 32. Kg1 Bb3 33. Ne2 Be6 34.
Nf4 Bd7 35. Qc2 f5 36. Rd1 Qc7 37. Qc4+ Kh7 38. Qf7 Be8 39. Qxf5+ Kg8 40. Qxe4
Bf7 41. Rc1 Qb6 42. Rc2 c4 43. Nd5 Bxd5 44. Qxd5+ Kh8 45. Rxc4 Rxc4 46. Qxc4
Qxb2 47. Qxa4 Qb1+ 48. Kh2 Qb8+ 49. Qf4 Qb2 50. a4 Qa2 51. Qf8+ Kh7 52. Qf5+ Kg8
53. a5 Qa3 54. Qc8+ Kh7 55. a6 Qd6+ 56. g3 Qd2 57. Qf5+ g6 58. Qf7+ Kh8 59. a7
Qd8 60. Qb7 1-0

[Event "Online Olym Div2 E 2021"]
[Site "chess.com INT"]
[Date "2021.09.03"]
[Round "6.5"]
[Board "1"]
[White "Chavez, Ricardo Ernesto"]
[Black "Cueto, Jonny"]
[Result "0-1"]
[WhiteTitle "FM"]
[BlackTitle "IM"]
[WhiteElo "2242"]
[BlackElo "2241"]
[WhiteTeam "El Salvador"]
[BlackTeam "Bolivia"]
[WhiteFideId "6700098"]
[BlackFideId "3300145"]
[EventDate "2021.09.02"]
[EventType "team"]

1. e4 d6 2. d4 Nf6 3. Nc3 e5 4. Nf3 Nbd7 5. Bc4 Be7 6. O-O O-O 7. Re1 a6 8. a4
b6 9. h3 Bb7 10. Ba2 b5 11. dxe5 dxe5 12. Nd5 Nxd5 13. Bxd5 c6 14. Bb3 Qc7 15.
c3 Rad8 16. Qe2 Bc8 17. axb5 axb5 18. Nh2 Nc5 19. Bc2 Be6 20. Ng4 Ra8 21. Rxa8
Rxa8 22. Ne3 g6 23. Rd1 Rd8 24. Rxd8+ Qxd8 25. Qd2 Nb3 26. Qxd8+ Bxd8 27. Bxb3
Bxb3 28. Kf1 f6 29. Ke2 Kf7 30. Kd3 Bb6 31. Bd2 Ke6 32. f3 f5 33. Bc1 h5 34. Bd2
f4 0-1